00580cam a2200181 a 450000100100000000500170001000800410002703500180006804000330008604200120011905000200013108200140015110000420016524500930020726000450030030000210034560000320036600000661620240306073909.0740125s1940 cu a 001 0bspa  a(OCoLC)782696 aDO-SdBNPcOKentUdOCoLCdDLC apremarc00aPQ7389.M2bZ758 annnbQ51m1 aQuesada y Miranda, Gonzalo de,d1900-10aMartí, hombre :bdibujos simbólicos por Oscar Salas /cGonzalo de Quesada y Miranda. aLa Habana :bSeoane, Fernández,c1940. a316 p. ;c25 cm.10aMartí, José,d1853-1895